| 000 | 00429nam a22001455i 4500 | ||
|---|---|---|---|
| 001 | 171537 | ||
| 003 | ES-MaACL | ||
| 005 | 20230906214646.0 | ||
| 008 | 090519s1932 ne |||| | spa d | ||
| 100 | 1 |
_aSolano Guzman, Gustavo. _9140227 |
|
| 245 | 1 | 0 |
_aVolumen de una vida / _cpor Gustavo Solano Guzman, el conde gris. |
| 260 |
_aAmberes : _bRatincke Freres, _c1932. |
||
| 300 |
_a322 p. ; _c24 cm. |
||
| 852 |
_aES-MaACL _jB-4801 |
||
| 999 |
_c171537 _d171537 |
||